| 000 | 01177cam a2200289 4500500 | ||
|---|---|---|---|
| 005 | 20260329012003.0 | ||
| 041 | _afre | ||
| 042 | _adc | ||
| 100 | 1 | 0 |
_aHema, Nhong _eauthor |
| 245 | 0 | 0 | _aLe Département de Psychologie à l’Université Royale de Phnom Penh |
| 260 | _c2013. | ||
| 500 | _a89 | ||
| 520 | _aCe texte est une présentation du Département de Psychologie à l’Université Royale de Phnom Penh. Il met en évidence les diplômes de psychologie délivrés et les perspectives pour les étudiants.1 | ||
| 520 | _aThis text is a presentation of the Department of Psychology at the Royal University of Phnom Penh. It highlights the obtaining of psychology diplomas and prospects for students. | ||
| 690 | _aCambodge | ||
| 690 | _adépartement de psychologie | ||
| 690 | _adiplôme | ||
| 690 | _aPhnom Penh | ||
| 690 | _auniversité | ||
| 690 | _aCambodia | ||
| 690 | _aDepartment of Psychology | ||
| 690 | _adiploma | ||
| 690 | _aPhnom Penh | ||
| 690 | _aUniversity | ||
| 786 | 0 | _nPsy Cause | 64 | 3 | 2013-01-16 | p. 23-24 | 1245-2394 | |
| 856 | 4 | 1 | _uhttps://shs.cairn.info/revue-psy-cause-2013-3-page-23?lang=fr&redirect-ssocas=7080 |
| 999 |
_c1866814 _d1866814 |
||